00386nam a2200145Ia 4500003000900000008004100009040001600050080001700066100001800083245006200101260003300163300001000196650001900206650001500225IN-BaIIA211028s9999 xx 000 0 eng d cIIA Library a621.395bALL aAllsop, F. C. 0aTelephonesbtheir construction and fittingscF. C. Allsop aLondonbE and F N Sponc1919 a222p. aNASA Thesaurus aTelephones